LIBRARY & INFORMATION CENTRE, KCAET, TAVANUR

ONLINE PUBLIC ACCESS CATALOGUE (OPAC)

Embryology of the pig / (Record no. 3500)

MARC details
000 -LEADER
fixed length control field 00395cam a2200157ua 4500
041 ## - LANGUAGE CODE
Language code of text/sound track or separate title eng
082 ## - DEWEY DECIMAL CLASSIFICATION NUMBER
Classification number 636.4
Item number PAT/EM
100 ## - MAIN ENTRY--AUTHOR NAME
Personal name Patten, Bradley M.
245 ## - TITLE STATEMENT
Title Embryology of the pig /
250 ## - EDITION STATEMENT
Edition statement 3 /
260 ## - PUBLICATION, DISTRIBUTION, ETC. (IMPRINT)
Place of publication New York :
Name of publisher McGraw Hill Book Company ,
Year of publication 1948.
300 ## - PHYSICAL DESCRIPTION
Number of Pages 352 ; .
942 ## - ADDED ENTRY ELEMENTS (KOHA)
Koha item type Books
Holdings
Withdrawn status Lost status Damaged status Home library Current library Date acquired Full call number Accession Number Koha item type
Withdrawn     KAUAET KAUAET 07/04/2012 636.4 8051 Books
free website counter